00365nam a2200181Ia 4500003000900000008004100009040001300050040001300063041000800076100001800084245002300102250001200125260001000137260000900147300001100156300001000167490000600177IT-RoPAU120407s9999 xx 000 0 und d aIT-RoPAU cIT-RoPAU aita aMarcos Pallis aIl loto e la croce aTorino  aBorla c1969 a247 p. c21 cm v1